00983nam a22002777a 450000500170000000800410001701000140005802000260007202000230009803500130012104000080013408200140014210000210015624500510017726000500022827000430027830000300032150000190035165000420037065000340041265000390044665000370048594200240052299900170054695201420056320091023150446.0091023t xxu||||| |||| 00| 0 eng d aENG-95190 a9780070677241c695.00 a0070677247c695.00 aEN-78723 aDPL a005.8222 aDeal, Richard A. aCisco ASA configuration /cby Richard A. Deal. aNew Delhi:bTata McGraw-Hill Educationc2009. a7, West Patel NagarbNew Delhie110009 axxxi, 719 p.c24cm, (Pbk) aIncludes Index aComputer networksxSecurity measures. aFirewalls (Computer security) aSoftware configuration management. aComputer input-output equipment. 2ddccENmDEAh005.8 c31025d31025 00102ddc40718NFICaDBADbDBADd2009-10-23eDBAD / PUBg695.00l0o005.8 DEApEN-78723r2009-10-23 00:00:00t1v695.00w2009-10-23yEN